Statistics for Golden State Warriors Quiz

Click here to take the quiz!

General Stats

  • This quiz has been taken 500 times
  • The average score is 15 of 30

Answer Stats

Answer% Correct
Western
97%
Royal Blue
91%
California Golden Yellow
89%
Steve Kerr
86%
6
85%
7
80%
Pacific
77%
San Francisco, California
76%
Philadelphia
68%
Wilt Chamberlain
65%
1946
64%
11
62%
13
57%
Rick Barry
55%
San Francisco
54%
Chase Center
52%
24
47%
Chris Mullin
47%
17
44%
14
42%
16
40%
42
37%
Nate Thurmond
31%
Rakuten
27%
Bob Myers
24%
Joe Lacob
15%
Santa Cruz Warriors
10%
Al Attles
8%
Rick Welts
7%
Tom Meschery
5%

Score Distribution

Percentile by Number Answered

Percent of People with Each Score

Your Score History

You have not taken this quiz